| 000 | 00518nam a2200157 i 4500 | ||
|---|---|---|---|
| 001 | 141517 | ||
| 003 | ES-MaACL | ||
| 005 | 20230906200318.0 | ||
| 007 | t| | ||
| 008 | 070925s1972 sp ||||1| spa d | ||
| 100 | 1 |
_aVillegas Molina, Francisco. _9115222 |
|
| 245 | 1 | 3 |
_aEl Valle de Legrin _b: estudio geográfico / _cpor Francisco Villegas Molina. |
| 260 |
_aGranada : _bInstituto de GeografĂa Aplicada, _c1972. |
||
| 300 |
_aXXIV, 348 p. : _bil. ; _c26 cm + _e2 map. pleg. |
||
| 852 |
_aES-MaACL _jC-43430 _bR.83247 |
||
| 999 |
_c141517 _d141517 |
||